Name The Villain of The MCU Movies - Statistics

General Stats
  • This quiz has been taken 114 times
  • The average score is 46 of 89
Answer Stats
Hint Answer % Correct
Thanos
94%
Thanos
94%
Avengers: Infinity War Thanos
94%
Avengers: Endgame Thanos
94%
Loki
92%
The Avengers Loki
92%
Loki
92%
Iron Man Iron Monger
85%
Avengers: Age of Ultron Ultron
85%
Captain America: The First Avenger Red Skull
84%
Spider-Man: Far From Home Mysterio
82%
Thor: Ragnarok Hela
81%
Captain America: The Winter Soldier Winter Soldier
81%
Spider-Man: Homecoming Vulture
80%
Whiplash
80%
The Incredible Hulk Abomination
78%
Killmonger
78%
Guardians of The Galaxy Ronan The Accuser
76%
Ronan The Accuser
76%
Ant-Man Yellowjacket
76%
Iron Man 3 Aldrich Killain
75%
Guardians of the Galaxy Vol. 2. Ego
74%
Ant-Man And The Wasp Ghost
69%
Dormammu
67%
Captain America: Civil War Helmut Zemo
67%
Thor: The Dark World Malekith
67%
Trevor Slattery
65%
Iron Man 2 Justin Hammer
64%
Ebony Maw
59%
Ebony Maw
59%
Nebula
59%
Nebula
59%
Scarlet Witch
59%
Thaddeus Ross
59%
Brock Rumlow
56%
Brock Rumlow
56%
Crossbones
56%
Proxima Midnight
56%
Proxima Midnight
56%
Quicksilver
56%
General Ross
54%
Karl Mordo
54%
Black Panther Klaw
54%
Ulysses Klaue
54%
Doctor Strange Kaecillius
53%
Thor Laufey
53%
Yondu
52%
Alexander Pierce
51%
Alexander Pierce
51%
Cull Obsidian
51%
Cull Obsidian
51%
Arnim Zola
49%
Arnim Zola
48%
Grandmaster
48%
Shocker
47%
Corvus Glaive
46%
Corvus Glaive
46%
Captain Marvel Yon-Rogg
44%
Taserface
39%
Raza
38%
The Collector
36%
The Collector
36%
Hawk-Eye
35%
Baron von Strucker
34%
Skurge
32%
Kurse
31%
The Other
31%
The Other
31%
Ayesha
28%
Bill Foster
28%
Gamora
28%
The Tinkerer
28%
Korath The Pursuer
27%
Korath The Pursuer
27%
Man-Ape
25%
Sonny Burch
25%
Jasper Sitwell
24%
Jasper Sitwell
24%
Kraglin
22%
Scorpion
21%
Aaron Davis
19%
Eric Savin
15%
Ellen Brandt
14%
Valkyrie
13%
Doctor List
11%
William
9%
Jim Rollins
5%
Jim Rollins
5%
Wiliam
1%
No matching quizzes found
Score Distribution
Percent of People with Each Score
Percentile by Number Answered
Your Score History
You have not taken this quiz